Redacción de informes técnicos (Registro nro. 3024)

Detalles MARC
000 -CABECERA
campo de control de longitud fija 00602aam a2200217 4500
005 - FECHA Y HORA DE ACTUALIZACIÓN
campo de control 20161020085220.0
008 - LONGITUD FIJA
campo de control de longitud fija 150624b xxu||||| |||| 00| 0 spa d
041 ## - IDIOMA
Código de idioma del texto/pista de sonido o título separado
082 ## - CLASIFICACIÓN DECIMAL DEWEY
Número de clasificación 651.7 P434r
100 ## - AUTOR PERSONAL
Nombre de persona Pazos Jiménez, Ethel
245 ## - TÍTULO PROPIAMENTE DICHO
Título Redacción de informes técnicos
260 ## - PIE DE IMPRENTA
Lugar de publicación, distribución, etc. Costa Rica
Nombre del editor, distribuidor, etc. E. Pazos
Fecha de publicación, distribución, etc. 2009
300 ## - DESCRIPCIÓN FÍSICA
Extensión 155 páginas
650 ## - Materia General
Materia general REDACCIÓN
650 ## - Materia General
Materia general CORRESPONDENCIA
650 ## - Materia General
Materia general COMUNICACIÓN
650 ## - Materia General
Materia general REDACCIÓN DE INFORMES
650 ## - Materia General
Materia general TIPOS DE INFORMES
650 ## - Materia General
Materia general COMUNICACIÓN ESCRITA
942 ## - Punto de Acceso Adicional Koha
Tipo de ítem Koha Libro
Existencias
Estado perdido Estado dañado No para préstamo Biblioteca permanente Biblioteca actual Signatura completa Código de barras Precio efectivo a partir del Tipo de ítem
      Departamento de Biblioteca y Documentación Alfonso Chase Brenes Departamento de Biblioteca y Documentación Alfonso Chase Brenes 651.7 P434r 17754 07/10/2016 Libro